| 000 | 01004nam a2200241Ia 4500 | ||
|---|---|---|---|
| 999 |
_c36542 _d36542 |
||
| 001 | 2461 | ||
| 003 | GE_BSU | ||
| 005 | 20230406162611.0 | ||
| 008 | 181216s2011||||ge |||||||||||||| ||geo|| | ||
| 020 | _a9789941432538 | ||
| 040 | _cGE_BSU | ||
| 041 | _ageo | ||
| 080 | _a657.222(075.8) ვ–25 | ||
| 100 |
_aვაშაკიძე, ნათელა _915593 |
||
| 245 |
_aბუღალტრული აღრიცხვის საფუძვლები : _bლექციების კურსი / _cნათელა ვაშაკიძე, დ. მაღლაკელიძე, მ. ყიფიანი; რედ. იაკობ მესხია. |
||
| 264 |
_aქუთაისი, _c2011. |
||
| 300 |
_a211გვ.; _b20სმ. |
||
| 541 | _h8ლ. | ||
| 653 | _aბუღალტერია | ||
| 700 |
_aმაღლაკელიძე, დ. _eავტორი _917529 |
||
| 700 |
_aყიფიანი, მ. _eავტორი _917530 |
||
| 942 |
_cBK _2udc |
||